Catálogo

Diccionario de auditoria de desempeño / (Registro nro. 70899)

Detalles MARC
000 -LEADER
fixed length control field 00991nam a2200289 i 4500
001 - CONTROL NUMBER
control field 70899
003 - CONTROL NUMBER IDENTIFIER
control field Mx-PuUPA
005 - DATE AND TIME OF LATEST TRANSACTION
control field 20240311091806.0
008 - FIXED-LENGTH DATA ELEMENTS--GENERAL INFORMATION
fixed length control field 240311s2023 mx |||gr|||| 00| 0 spa d
020 ## - INTERNATIONAL STANDARD BOOK NUMBER
International Standard Book Number 9786075632476
040 ## - CATALOGING SOURCE
Original cataloging agency Mx-PuUPA
Language of cataloging spa
Transcribing agency Mx-PuUPA
Modifying agency Mx-PuUPA
Description conventions rda
041 0# - LANGUAGE CODE
Language code of text/sound track or separate title spa
100 1# - MAIN ENTRY--PERSONAL NAME
Personal name Gómez Márquez, Carlos Miguel,
9 (RLIN) 15478
Relator term autor
245 10 - TITLE STATEMENT
Title Diccionario de auditoria de desempeño /
Statement of responsibility, etc. Carlos Miguel Gómez Márquez
250 ## - EDITION STATEMENT
Edition statement 1a. edición
264 #1 - PRODUCTION, PUBLICATION, DISTRIBUTION, MANUFACTURE, AND COPYRIGHT NOTICE
Place of production, publication, distribution, manufacture Ciudad de México :
Name of producer, publisher, distributor, manufacturer Instituto Mexicano de Contadores Publicos,
Date of production, publication, distribution, manufacture, or copyright notice 2023
300 ## - PHYSICAL DESCRIPTION
Extent 147 páginas ;
Dimensions 22 cm
336 ## - CONTENT TYPE
Fuente rdacontent
Content type term texto
Content type code txt
337 ## - MEDIA TYPE
Source rdamedia
Media type term sin medio
Media type code n
338 ## - CARRIER TYPE
Source rdacarrier
Carrier type term volumen
Carrier type code nc
490 ## - SERIES STATEMENT
Series statement Auditoria
650 #7 - SUBJECT ADDED ENTRY--TOPICAL TERM
Source of heading or term armarc
Topical term or geographic name entry element Auditoria
Form subdivision Diccionario
942 ## - ADDED ENTRY ELEMENTS (KOHA)
Source of classification or shelving scheme Dewey Decimal Classification
Koha item type Libro
Classification part 657.4503
Item part G63
Existencias
Withdrawn status Lost status Source of classification or shelving scheme Damaged status Not for loan Collection code Home library Current library Shelving location Date acquired Source of acquisition Cost, normal purchase price Total Checkouts Full call number Barcode Date last seen Cost, replacement price Price effective from Koha item type Copy number
    Dewey Decimal Classification     General Biblioteca Karol Wojtyla Biblioteca Karol Wojtyla Sala general 14/03/2024 1 432.00   657.4503 G63 2023 104377 05/01/2026 432.00 14/03/2024 Libro  
    Dewey Decimal Classification     General Biblioteca Karol Wojtyla Biblioteca Karol Wojtyla Sala general 14/03/2024 1 432.00   657.4503 G63 2023 104378 05/01/2026 432.00 14/03/2024 Libro Ej.2